| 000 | 00453nam a2200157 a 4500 | ||
|---|---|---|---|
| 001 | 000028934 | ||
| 005 | 20200930055227.0 | ||
| 008 | 110412s2001 dr 000 0 spa d | ||
| 040 |
_aDO-SdBNP _bspa _cBNPHU |
||
| 082 |
_axxx _bS235m |
||
| 100 | 1 |
_aSantiago Guzmán, Tomás _955883 |
|
| 245 | 1 | 0 |
_aMi regalo / _cTomás Santiago Guzmán. |
| 260 |
_aSanto Domingo _fFrancisco Díaz Impresos y Servicios _c2001. |
||
| 300 |
_a34 p. ; _c22 cm. |
||
| 049 | _aBNPD | ||
| 999 |
_c28426 _d28426 |
||